| 000 | 01066nam0a22002411i 4500 | ||
|---|---|---|---|
| 001 | rc\3193859 | ||
| 005 | 20240723192637.0 | ||
| 021 |
_aRU _b[76-9512а] |
||
| 035 | _a(NLR Aleph) 007341405 | ||
| 090 |
_a6113044 _c6113044 |
||
| 100 | _a20120628d1976 |||y0rusy50 ca | ||
| 101 | 0 | _arus | |
| 102 | _aRU | ||
| 105 | _ay d ||||| | ||
| 200 | 1 |
_aЭкономические основы и факторы дифференциации заработной платы в развитом социалистическом обществе _e(На примере пром-сти строит. материалов УССР) _eАвтореф. дис. на соиск. учен. степени канд. экон. наук _e(08.00.01) _fКиев. гос. ун-т им. Т.Г. Шевченко |
|
| 210 |
_aКиев _d1976 |
||
| 215 | _a21 с. | ||
| 320 | _aСписок работ авт.: с. 21 (5 назв.) | ||
| 700 | 1 |
_aГуцал _bЖ.Д. _gЖанна Даниловна |
|
| 801 | 0 |
_aRU _bNLR _gpsbo |
|
| 801 | 1 |
_aRU _bELAR _2rusmarc |
|
| 852 |
_aNLR _j76-4/27130 |
||
| 942 | _cBOOK | ||